000 00296nam a2200109Ia 4500
008 200302s9999 xx 000 0 und d
100 _aDerek Walker Associates
245 _aDerek Walker Associates The View From Great Linford
260 _bAcademy Group Ltd.
260 _c1995
300 _a144 P.,
999 _c2439
_d2439